00761nam a22001697a 4500008004100000040001800041041000800059100005100067245021400118260007300332300001700405500006200422650002700484650001700511650004400528700001900572130821s1964 vc gr spa  aCo-BoUCMbspa00aspa aIglesia Católica. Papa (1963-1978: Paulo Vi)04aLos caminos por los que la Iglesia Católica debe cumplir hoy su mandatobcarta encíclica del Sumo Pontífice Paulo VI al episcopado, al clero, a los fieles, a todos los hombres de buena voluntadcPaulo VI aCiudad del Vaticano (Italia)bTipografía Poliglotta Vaticanac1964 a75 páginas aEste libro se encuentra en el depósito de la biblioteca04aDocumentos pontificios04aEncíclicas04aIglesia Católica y problemas sociales aPaulo VI, Papa